Arab Countries in Transition : Economic Outlook and Key Challenges.

In an environment of heightened socio-economic tensions, regional insecurity, and strained public finances, the Arab Countries in Transition (ACTs) 1 face the difficult task of delivering on the expectations for jobs and growth. Despite patchy improvements in some countries, economic growth remains...

詳細記述

書誌詳細
団体著者: International Monetary Fund
フォーマット: 雑誌
言語:English
出版事項: Washington, D.C. : International Monetary Fund, 2013.
シリーズ:Policy Papers; Policy Paper ; No. 2013/070
オンライン・アクセス:Full text available on IMF
LEADER 01616cas a2200241 a 4500
001 AALejournalIMF020372
008 230101c9999 xx r poo 0 0eng d
020 |c 5.00 USD 
020 |z 9781498341219 
022 |a 2663-3493 
040 |a BD-DhAAL  |c BD-DhAAL 
110 2 |a International Monetary Fund. 
245 1 0 |a Arab Countries in Transition :   |b Economic Outlook and Key Challenges. 
264 1 |a Washington, D.C. :  |b International Monetary Fund,  |c 2013. 
300 |a 1 online resource (20 pages) 
490 1 |a Policy Papers 
500 |a <strong>Off-Campus Access:</strong> No User ID or Password Required 
500 |a <strong>On-Campus Access:</strong> No User ID or Password Required 
506 |a Electronic access restricted to authorized BRAC University faculty, staff and students 
520 3 |a In an environment of heightened socio-economic tensions, regional insecurity, and strained public finances, the Arab Countries in Transition (ACTs) 1 face the difficult task of delivering on the expectations for jobs and growth. Despite patchy improvements in some countries, economic growth remains subdued, private investment is weak, and external and fiscal buffers are running low. Fostering social cohesion and avoiding a downward spiral of economic and political malaise calls for urgent implementation of economic reforms and coordinated support from the international community. 
538 |a Mode of access: Internet 
830 0 |a Policy Papers; Policy Paper ;  |v No. 2013/070 
856 4 0 |z Full text available on IMF  |u http://elibrary.imf.org/view/journals/007/2013/070/007.2013.issue-070-en.xml  |z IMF e-Library